Celebrities Hosting Game Shows Quiz Stats

 Plays Quiz not verified by Sporcle

Score 0/15 Timer 06:00
10 Plays Today
% Correct
Steve Harvey
88.5%
Drew Carey
88.5%
Regis Philbin
84.2%
Howie Mandel
83.1%
Jeff Foxworthy
79.7%
Jane Lynch
67%
Wayne Brady
63.9%
Alec Baldwin
63.2%
% Correct
Michael Strahan
59.1%
Snoop Dogg
56.6%
Groucho Marx
55.7%
Guy Fieri
51.6%
Mike Myers
50.6%
Elizabeth Banks
46.7%
Anthony Anderson
46.2%

You're not logged in!

Compare scores with friends on all Sporcle quizzes.
OR
Log In

Show Comments

Extras

Top Quizzes Today


Score Distribution

Your Account Isn't Verified!

In order to create a playlist on Sporcle, you need to verify the email address you used during registration. Go to your Sporcle Settings to finish the process.

Report this User

Report this user for behavior that violates our Community Guidelines.

Details: